[Event "Krefeld op"]
[Site "Krefeld"]
[Date "2023.08.06"]
[Round "8"]
[White "Drenthen, Arjan"]
[Black "Wolters, Michael"]
[Result "0-1"]
[WhiteElo "1931"]
[BlackElo "1721"]
[PlyCount "122"]
[EventDate "2023.08.02"]
[EventType "swiss"]
[EventRounds "9"]
[EventCountry "GER"]
[SourceTitle "CBM 215 Extra"]
[Source "ChessBase"]
[SourceDate "2023.09.30"]
[SourceVersion "1"]
[SourceVersionDate "2023.09.30"]
[SourceQuality "1"]

1. Nc3 Nf6 2. e4 e5 3. Nf3 Nc6 4. Bc4 Nxe4 5. Nxe4 d5 6. Bd3 dxe4 7. Bxe4 Bd6 8. 0-0 Bg4 9. h3 Bh5 10. c3 0-0 11. d3 f5 12. Qb3+ Kh8 13. Bxc6 bxc6 14. Bg5 Qe8 15. Nd2 Qg6 16. Bh4 Be2 17. Rfe1 Bxd3 18. c4 e4 19. Rad1 Rab8 20. Qc3 Bb4 21. Qc1 Qh6 22. Bg3 f4 23. Bh2 f3 24. a3 Qg6 25. Bg3 Bd6 26. Kh2 Rbe8 27. Nf1 Bxf1 28. Rxf1 e3 29. Rxd6 cxd6 30. fxe3 Qe4 31. Bxd6 Rf6 32. Bf4 fxg2 33. Rg1 Rg6 34. Qd2 Qxc4 35. Rxg2 Rxg2+ 36. Qxg2 Qd5 37. Qe2 Rd8 38. Kg3 Qd1 39. Qa6 Qg1+ 40. Kf3 g5 41. Be5+ Kg8 42. Qc4+ Rd5 43. e4 Qd1+ 44. Kg2 Qd3 45. Qxd3 Rxd3 46. Bc3 Kf7 47. Kh2 Ke6 48. Kg2 h5 49. Kh2 Re3 50. e5 c5 51. Kg2 c4 52. Bd4 Rxe5 53. Bxa7 Re2+ 54. Kf3 Rxb2 55. Ke4 Rd2 56. Be3 Re2 57. Kf3 Rxe3+ 58. Kxe3 g4 59. hxg4 hxg4 60. a4 g3 61. a5 Kd5 0-1